Livres de la série de livres Le Sorceleur d'Andrzej Sapkowski - Statistiques

Statistiques générales
  • Ce quiz a été pris 5 fois
  • Le résultat moyen est 5 sur 10
Statistiques - réponses
Type de quiz Titre % Correct
Roman de la saga principale La Dame du lac
100%
Recueil de nouvelles L'Épée de la providence
100%
Roman de la saga principale La Tour de l'hirondelle
50%
Roman de la saga principale Le Baptême du feu
50%
Recueil de nouvelles Le Dernier Voeu
50%
Roman de la saga principale Le Sang des elfes
50%
Recueil de nouvelles Le Sorceleur
50%
Roman de la saga principale Le Temps du mépris
50%
Roman indépendant La Croisée des corbeaux
0%
Roman indépendant La Saison des orages
0%
Aucun quiz correspondant
Distribution des résultats
% des personnes avec chaque résultat
Percentile par nombre de réponses
Votre historique - résultats
Vous n’avez pas pris ce quiz